Science and the fisheries / (Record no. 14999)
[ view plain ]
| 000 -LEADER | |
|---|---|
| fixed length control field | 00921cam a2200289 i 4500 |
| 001 - CONTROL NUMBER | |
| control field | 14999 |
| 003 - CONTROL NUMBER IDENTIFIER | |
| rucl marc code | BD-RjUL |
| 005 - DATE AND TIME OF LATEST TRANSACTION | |
| control field | 20211208235730.0 |
| 008 - FIXED-LENGTH DATA ELEMENTS--GENERAL INFORMATION | |
| fixed length control field | 140209m19781977ii a b 000 0 eng d |
| 035 ## - SYSTEM CONTROL NUMBER | |
| System control number | (BD-RjUL)15053 |
| 040 ## - CATALOGING SOURCE | |
| Original cataloging agency | DLC |
| Transcribing agency | DLC |
| Modifying agency | DLC |
| -- | BD-RjUL |
| Language of cataloging | eng |
| 041 ## - LANGUAGE CODE | |
| Language code of text/sound track or separate title | eng |
| 082 00 - DEWEY DECIMAL CLASSIFICATION NUMBER | |
| Classification number | 597.05 |
| Author mark and year | CUS 1978 |
| 100 1# - MAIN ENTRY--PERSONAL NAME | |
| Personal name | Cushing, D. H. |
| 9 (RLIN) | 38114 |
| 245 10 - TITLE STATEMENT | |
| Title | Science and the fisheries / |
| Statement of responsibility, etc. | D. H. Cushing. |
| 260 ## - PUBLICATION, DISTRIBUTION, ETC. (IMPRINT) | |
| Place of publication, distribution, etc. | New Delhi : |
| Name of publisher, distributor, etc. | Oxford , |
| Date of publication, distribution, etc. | c1977,1978. |
| 300 ## - PHYSICAL DESCRIPTION | |
| Pagination | 60 p. : |
| Illustrations | ill. ; |
| Size | 21 cm. |
| 490 1# - SERIES STATEMENT | |
| Series statement | The Institute of Biology's Studies in biology ; no. 85 |
| 504 ## - BIBLIOGRAPHY, ETC. NOTE | |
| Bibliography, etc | Bibliography: p. [59]-60. |
| 650 #0 - SUBJECT ADDED ENTRY--TOPICAL TERM | |
| Topical term or geographic name as entry element | Fish populations |
| General subdivision | Mathematical models. |
| 9 (RLIN) | 46674 |
| Topical term or geographic name as entry element | Fishery management, International. |
| 9 (RLIN) | 46675 |
| Topical term or geographic name as entry element | Fisheries |
| General subdivision | Research. |
| 9 (RLIN) | 46676 |
| 830 #0 - SERIES ADDED ENTRY--UNIFORM TITLE | |
| Volume number/sequential designation | no. 85. |
| Uniform title | Institute of Biology's studies in biology ; |
| 942 ## - ADDED ENTRY ELEMENTS (KOHA) | |
| Source of classification or shelving scheme | Dewey Decimal Classification |
| Koha item type | Books |
| Lost status | Source of classification or shelving scheme | Damaged status | Not for loan | Collection code | Permanent Location | Current Location | Shelving location | Date acquired | Source of acquisition | Cost, normal purchase price | Total Checkouts | Full call number | Date last seen | Copy number | Koha item type |
|---|---|---|---|---|---|---|---|---|---|---|---|---|---|---|---|
| Dewey Decimal Classification | Non-fiction | Central Library, University of Rajshahi | Central Library, University of Rajshahi | 12/05/1980 | Stadaul Pub. | 120.00 | 597.05 CUS 1978 | 09/02/2014 | C-2 | Books |